Catálogo

Vista normal Vista MARC

Entrada Personal Name

Número de registros utilizados en: 4

001 - CONTROL NUMBER

  • control field: 10764

003 - CONTROL NUMBER IDENTIFIER

  • control field: DLC

005 - DATE AND TIME OF LATEST TRANSACTION

  • control field: 20241119154732.0

008 - FIXED-LENGTH DATA ELEMENTS

  • fixed length control field: 020823n| acannaabn |a aaa

010 ## - LIBRARY OF CONGRESS CONTROL NUMBER

  • LC control number: n 2002108474

040 ## - CATALOGING SOURCE

  • Original cataloging agency: DLC
  • Language of cataloging: spa
  • Transcribing agency: Mx-PuUPA
  • Modifying agency: Mx-PuUPA
  • Description conventions: rda

100 1# - HEADING--PERSONAL NAME

  • Personal name: Rojas Sánchez, Mario,

374 ## - OCCUPATION

  • Occupation: Autor

375 ## - GENDER

  • Gender: hombre

377 ## - ASSOCIATED LANGUAGE

  • Language code: spa

400 1# - SEE FROM TRACING--PERSONAL NAME

  • Personal name: Sánchez, Mario Rojas

670 ## - SOURCE DATA FOUND

  • Source citation: Rojas Sánchez, P. Mario. Guadalupe, 2001:
  • Information found: t.p. (P. Mario Rojas Sánchez)

670 ## - SOURCE DATA FOUND

  • Source citation: Guadalupe simbolo y evangelización, 2001:
  • Information found: t.p. (P. Mario Rojas Sánchez) de portada

670 ## - SOURCE DATA FOUND

  • Source citation: Biblioteca del congreso (Estados Unidos), 17 marzo 2020:
  • Information found: Catálogo electrónico
  • Uniform Resource Identifier: http://bit.ly/2vyMY6A